|
|
|
|
| LEADER |
00000cam a22000007i 4500 |
| 005 |
20120229151239.0 |
| 007 |
cr|||| |||| |
| 008 |
100407s2010 sp 000 0 spa d |
| 017 |
|
|
|a D.L.M. 16678-2008
|
| 020 |
|
|
|a 9788498492262
|
| 035 |
|
|
|a 2769
|
| 040 |
|
|
|a NoBUC-Mpons
|d SpMaUCDE
|d BUS
|d vLex
|
| 080 |
|
|
|a 349.44(460):504
|
| 090 |
|
|
|c 3056
|d 3056
|
| 100 |
1 |
|
|a Merino ℓvila, Pablo.
|
| 245 |
1 |
0 |
|a Proyectos de singular interš regional y evaluacin̤ ambiental :
|h [Recurso electrn̤ico] :
|b ejemplos conforme a la legislacin̤ cantabra /
|c Pablo Merino ℓvila.
|
| 256 |
|
|
|a Servicio en ln̕ea
|
| 260 |
|
|
|a Madrid :
|b Dykinson,
|c 2008.
|
| 300 |
|
|
|a 1 recurso electrn̤ico
|
| 506 |
1 |
|
|a Contenido solo disponible en los productos indicados
|d vLex Global
|d vLex Global (Academic Edition, excluding Law Schools)
|d vLex Global (U.S. Academic Edition, Law Schools)
|d vLex Global (U.S. Academic Edition, excluding Law Schools)
|d vLex Global (Academic Edition, Law Schools)
|
| 650 |
0 |
4 |
|a Urbanismo
|x Aspecto del medio ambiente
|
| 650 |
0 |
4 |
|a Medio ambiente
|x Derecho
|z Espaą
|z Cantabria
|
| 740 |
0 |
|
|a vLex Libros (Servicio en ln̕ea)
|
| 856 |
4 |
0 |
|u http://vlex.com/source/proyectos-singulares-legislacion-urbanistica-cantabria-2769
|z Acceso restringido
|
| 942 |
|
|
|c BOOK
|